Expact Solution for Phan Thien Tanner Fluid Through Circular Tank with Slip ( Thesis MS) (Record no. 69073)

MARC details
000 -LEADER
fixed length control field 00420nam a22001217a 4500
100 ## - MAIN ENTRY--AUTHOR NAME
Personal name Abdul Mannan
-- 19-MSM-01
-- Supervisor - Dr. Kamran Nazir Memon
245 ## - TITLE STATEMENT
Title Expact Solution for Phan Thien Tanner Fluid Through Circular Tank with Slip ( Thesis MS)
260 ## - PUBLICATION, DISTRIBUTION, ETC. (IMPRINT)
Place of publication Nawabshah
Name of publisher QUEST
Year of publication 2025
300 ## - PHYSICAL DESCRIPTION
Number of Pages 86p.
700 ## - ADDED ENTRY--PERSONAL NAME
Personal name Department of Mathematics and Statistics
942 ## - ADDED ENTRY ELEMENTS (KOHA)
Koha item type Thesis and Dissertation
Holdings
Withdrawn status Lost status Home library Current library Date acquired Accession Number Koha item type
    Research Section Research Section 29/06/2026 MP/102-1507 Thesis and Dissertation
    Research Section Research Section 29/06/2026 MP/102-1508 Thesis and Dissertation